| 000 | 00412nam a2200157 i 4500 | ||
|---|---|---|---|
| 001 | bg | ||
| 100 | 1 | _aBOJARSKI, Włodzimierz W. | |
| 245 | 0 |
_aPodstawy analizy i inżynierii systemów / _cWłodzimierz W. Bojarski. |
|
| 260 |
_aWarszawa : _bPWN, _c1984. |
||
| 650 | 9 | _aTeoria systemów | |
| 040 | _cBPK | ||
| 041 | _apol | ||
| 080 | _a62:007:519.8 | ||
| 942 | _cKS | ||
| 008 | s pl f |000 0 pol | ||
| 999 |
_c22588 _d22588 |
||
| 856 |
_uhttp://koha.tu.koszalin.pl/cgi-bin/koha/opac-detail.pl?biblionumber=22588 _yKatalog online BPK |
||